000 00654nam a2200241 i 4500
001 C2-0018153
003 PPAK
005 20190630221947.0
008 970202s1987 enka|||| ||||| | eng d
020 _a042300560X
040 _aPPAK
_beng
_cPPAK
_erda
082 0 4 _a823
_223
090 0 0 _a823
_bDAV
_dG
100 1 _aDavies, Andrew,
_eauthor
245 1 0 _aMarmalade Atkins' dreadful deeds
264 1 _aLondon :
_bMethuen Children's Books ,
_c1987
300 _a96 pages :
_billustrations ;
_c18 cm
336 _2rdacontent
_atext
337 _2rdamedia
_aunmediated
338 _2rdacarrier
_avolume
650 1 0 _aEnglish fiction
942 _ddc
_cB
999 _c4169
_d4169